| 000 | 00838nam a2200265 i 4500 | ||
|---|---|---|---|
| 001 | 175699 | ||
| 003 | ES-MaACL | ||
| 005 | 20230906215909.0 | ||
| 007 | t| | ||
| 008 | 101117s1964 sp ||||1| spa d | ||
| 080 | _a539.1 | ||
| 100 | 0 |
_aElton, Lewis Richard Benjamin. _9143977 |
|
| 245 | 1 | 0 |
_aIntroducción a la teoría nuclear / _cL. R. B. Elton ; [traducción de Javier Sesma]. |
| 260 |
_aMadrid : _bRialp, _c1964. |
||
| 300 |
_aXI, 342 p. ; _c22 cm. |
||
| 490 | 1 |
_aBiblioteca científica ; _v2 |
|
| 500 | _aÍndice. | ||
| 504 | _aBibliografía: p. 334. | ||
| 594 | _aTít. original: Introductory Nuclear Theory. | ||
| 650 | 0 | 4 |
_aFísica nuclear. _912888 |
| 700 | 1 |
_aSesma, Javier. _9143978 |
|
| 830 | 0 |
_aBiblioteca científica ; _v2 _9184342 |
|
| 852 |
_aES-MaACL _jE-13559 _xOlim P-885-bis |
||
| 999 |
_c175699 _d175699 |
||